[Event "7th Rector Cup w"]
[Site "Kharkiv UKR"]
[Date "2005.04.22"]
[Round "3"]
[White "Kostiuk,T"]
[Black "Bodnaruk,A"]
[Result "1-0"]
[WhiteElo "2313"]
[BlackElo "2198"]

1.d4 Nf6 2.Nf3 g6 3.g3 Bg7 4.Bg2 O-O 5.c4 d6 6.Nc3 Nbd7 7.O-O e5 8.e4 exd4
9.Nxd4 Re8 10.h3 Nc5 11.Re1 a5 12.Ndb5 Be6 13.e5 dxe5 14.Qxd8 Raxd8 15.Nxc7 Re7
16.Nxe6 Rxe6 17.Be3 b6 18.Rab1 Bf8 19.Nd5 Nxd5 20.Bxd5 Ree8 21.b3 Rb8 22.Rbd1 Na6
23.Bc6 Re6 24.Bg2 Nb4 25.Re2 e4 26.Rd7 f5 27.Red2 Be7 28.Bf1 Nc6 29.Be2 g5
30.R2d5 Ne5 31.Ra7 Bf6 32.c5 Nc6 33.Rc7 b5 34.Rxf5 h6 35.Rd5 Ne7 36.Rdd7 Kf8
37.Bg4 Ra6 38.Kg2 a4 39.b4 a3 40.c6 Rxc6 41.Rxe7 Bxe7 42.Rxc6 Bxb4 43.Bc5+ Bxc5
44.Rxc5 Ke7 45.Re5+ Kd6 46.Rxe4 b4 47.Bd1 Kc5 48.Bb3 Rd8 49.Re5+ Kd4 50.Re6 Kc3
51.Rxh6 Rd3 52.Rb6 Rd7 53.Rg6 Rd3 54.Rxg5 Kb2 55.Bg8 Rd8 56.Bc4 Rd1 57.Rg4 Kc3
58.Bb3 Rd6 59.Rc4+ Kb2 60.Rxb4 Ka1 61.h4 Rd5 62.Ra4  1-0

[Event "Open"]
[Site "Metz FRA"]
[Date "2005.04.22"]
[Round "7"]
[White "Barsov,A"]
[Black "Klinova,M"]
[Result "1-0"]
[WhiteElo "2517"]
[BlackElo "2391"]

1.d4 d6 2.Nf3 Nf6 3.c4 g6 4.g3 Bg7 5.Bg2 O-O 6.O-O Nc6 7.Nc3 Bf5 8.d5 Na5
9.Nd4 Bd7 10.b3 c5 11.Nc2 a6 12.Rb1 b5 13.cxb5 axb5 14.b4 cxb4 15.Rxb4 Rb8
16.Be3 Nc4 17.Bd4 Qa5 18.Qc1 Rfc8 19.Rd1 Ra8 20.Qb1 Na3 21.Nxa3 Qxa3 22.Rb3 Qa5
23.e3 Ne8 24.Bxg7 Kxg7 25.Qb2 Nf6 26.a3 Kg8 27.h3 Rc5 28.Na2 Qc7 29.Nb4 Bf5
30.Qe2 Be4 31.Rd4 Bxg2 32.Kxg2 Rc1 33.Qxb5 Ra1 34.Rc4 Qa5 35.Qxa5 Rxa5 36.Nc6 R5xa3
37.Nxe7+ Kf8 38.Rb8+ Kg7 39.Nc8 Nxd5 40.Nxd6 Ra8 41.Rb5 R1a5 42.Rxa5 Rxa5
43.e4 Ra6 44.Nxf7 Ne3+ 45.fxe3 Kxf7 46.Rc7+ Kg8 47.e5 Re6 48.Rc5 Re7 49.Kf3 Kf7
50.Kf4 Ra7 51.Rc6 Ra4+ 52.e4 Ra7 53.Rd6 Ke7 54.h4  1-0

[Event "62nd ch-POL"]
[Site "Poznan POL"]
[Date "2005.04.22"]
[Round "2"]
[White "Urban,K"]
[Black "Czarnota,P"]
[Result "1/2-1/2"]
[WhiteElo "2497"]
[BlackElo "2478"]

1.Nf3 Nf6 2.g3 g6 3.c4 Bg7 4.Bg2 d6 5.d4 O-O 6.O-O Nbd7 7.Qc2 e5 8.Rd1 Re8
9.dxe5 dxe5 10.Nc3 c6 11.Ng5 Qe7 12.Nge4 Nc5 13.Nd6 Rd8 14.Nxc8 Raxc8 15.Bd2 Ne6
16.Qa4 a6  1/2-1/2

[Event "62nd ch-POL"]
[Site "Poznan POL"]
[Date "2005.04.26"]
[Round "6"]
[White "Kempinski,R"]
[Black "Szelag,M"]
[Result "1-0"]
[WhiteElo "2627"]
[BlackElo "2497"]

1.Nf3 Nf6 2.c4 g6 3.d4 Bg7 4.g3 O-O 5.Bg2 d6 6.O-O Nc6 7.Nc3 a6 8.h3 Bd7
9.e4 e5 10.dxe5 dxe5 11.Be3 Be6 12.Qa4 Qc8 13.Kh2 Nh5 14.c5 Kh8 15.Rad1 f5
16.exf5 gxf5 17.Qh4 Qe8 18.Ng5 Bg8 19.Nd5 Rc8 20.g4 Nf4 21.Nxf4 exf4 22.Bxf4 fxg4
23.Bg3 gxh3 24.Rfe1 Qg6 25.Be4 Qh6 26.Qxh6 Bxh6 27.Bxc6 Bxg5 28.Bxb7 Rb8
29.c6 Bxa2 30.Bxc7 Rxf2+ 31.Kg3 Rbf8 32.Be5+ Kg8 33.c7 Be6 34.Rd6 Rxb2 35.Bxb2 Bf4+
36.Kh4 Bxd6 37.Rg1+  1-0

[Event "ch-FRA National 1"]
[Site "Lille FRA"]
[Date "2005.05.05"]
[Round "8"]
[White "Leski,M"]
[Black "Le Quang,K"]
[Result "1/2-1/2"]
[WhiteElo "2416"]
[BlackElo "2286"]

1.Nf3 Nf6 2.c4 g6 3.d4 Bg7 4.g3 O-O 5.Bg2 d6 6.O-O Nbd7 7.Nc3 e5 8.e4 c6
9.b3 exd4 10.Nxd4 Re8 11.h3 Nc5 12.Re1 a5 13.Bf4 Nh5 14.Be3 Qe7 15.Qc2 Bd7
16.Rad1 Rad8 17.Re2 Bc8 18.Qc1 Qf8 19.Qa3 f5 20.exf5 gxf5 21.Bg5 Nxg3 22.fxg3 Bxd4+
23.Rxd4 Qg7 24.Rxe8+ Rxe8 25.Rxd6 Qxg5 26.Qxc5 Qxg3 27.Ne2 Qe1+ 28.Bf1 Rxe2
29.Rd8+ Re8 30.Qd4 Qe7 31.Rxe8+ Qxe8 32.c5 Be6 33.Kf2 Qb8 34.Bg2 Qh2 35.Qe3 Kf7
36.Qg3 Qxg3+ 37.Kxg3 Bd5 38.Bf1 a4 39.bxa4 Bxa2 40.Kf4 Ke6 41.Bd3 Kd5 42.Bxf5 h6
43.Bc8 Kxc5 44.Bxb7 Be6 45.h4 Kb6 46.Ke5 Bd7 47.Bxc6 Bxc6 48.h5 Be8 49.Kf6 Bxh5
50.Kg7  1/2-1/2

[Event "SME Open"]
[Site "Ostrava CZE"]
[Date "2005.05.05"]
[Round "6"]
[White "Potomak,V"]
[Black "Rojicek,V"]
[Result "1-0"]
[WhiteElo "2185"]
[BlackElo "2095"]

1.c4 Nf6 2.d4 g6 3.g3 Bg7 4.Bg2 O-O 5.Nf3 d6 6.Nc3 Nc6 7.O-O Bf5 8.b3 Ne4
9.Bb2 Nxc3 10.Bxc3 Be4 11.Rc1 d5 12.e3 e6 13.Qe2 a5 14.Rfd1 a4 15.cxd5 exd5
16.Ne5 Ne7 17.f3 Bf5 18.e4 Be6 19.Kh1 axb3 20.axb3 dxe4 21.fxe4 Bxe5 22.dxe5 Qb8
23.Bb4 Re8 24.Qb2 Nc6 25.Bd2 Na5 26.Bh6 c6 27.Rd6 Qc7 28.Rcd1 Qe7 29.h4 Bxb3
30.e6 f6 31.e5 f5 32.Bg5 Qf8 33.e7 Qf7 34.Ra1 h6 35.Bf6 Kh7 36.Qc3 b6 37.Kh2 f4
38.g4 Rxe7 39.Bxe7 Qxe7 40.g5 hxg5 41.h5 g4 42.hxg6+ Kg8 43.Bxc6 Qh4+ 44.Kg1 f3
45.Qxb3+ Kh8 46.Qc2 Qg3+ 47.Kh1 f2 48.g7+  1-0

[Event "62nd ch-GEO w"]
[Site "Tblisi GEO"]
[Date "2005.05.11"]
[Round "6"]
[White "Matnadze,A"]
[Black "Arakhamia,K"]
[Result "0-1"]
[WhiteElo "2376"]
[BlackElo "2452"]

1.d4 Nf6 2.c4 g6 3.Nf3 Bg7 4.g3 O-O 5.Bg2 d6 6.O-O Nbd7 7.Nc3 e5 8.h3 exd4
9.Nxd4 Re8 10.e4 a6 11.Re1 Rb8 12.Nc2 Ne5 13.Ne3 Be6 14.b3 Nfd7 15.Bb2 Nc5
16.Bf1 b5 17.cxb5 axb5 18.Rb1 b4 19.Ncd5 Nxe4 20.f4 c6 21.fxe5 cxd5 22.Nxd5 dxe5
23.Bc4 Nxg3 24.Rxe5 Bxe5 25.Bxe5 Bxd5 26.Bxg3 Bxc4 27.bxc4 Qg5 28.Qg4 Qe3+
29.Bf2 Qe4 30.Qxe4 Rxe4 31.c5 Rc4 32.Rb2 f5 33.Rd2 Rb7 34.h4 Kf7 35.Kg2 Ke7
36.Re2+ Kd7 37.Rd2+ Kc6 38.Rd8 Rc2 39.Ra8 b3 40.Ra6+ Kc7 41.axb3 Rxb3 42.Ra7+ Kb8
43.Ra4 Rbb2 44.Rf4 Kc7  0-1

[Event "ch-LTU"]
[Site "Siauliai LTU"]
[Date "2005.05.12"]
[Round "9"]
[White "Zagorskis,D"]
[Black "Savickas,A"]
[Result "1-0"]
[WhiteElo "2482"]
[BlackElo "2275"]

1.Nf3 g6 2.d4 Nf6 3.c4 Bg7 4.g3 O-O 5.Bg2 d6 6.O-O Nc6 7.Nc3 Bf5 8.d5 Na5
9.Nd4 Bd7 10.b3 c5 11.Nc2 a6 12.Rb1 Rb8 13.Qd3 b5 14.Bd2 Qc7 15.h3 e6 16.dxe6 Bxe6
17.Ne3 bxc4 18.bxc4 Nc6 19.Ncd5 Qd7 20.Nf4 Ne5 21.Qc2 g5 22.Nxe6 fxe6 23.Rxb8 Rxb8
24.Rb1 Qc7 25.Rxb8+ Qxb8 26.Qb3 Nfd7 27.Ba5 Bf8 28.Ng4 Qe8 29.Bb7 Nxg4 30.hxg4 Ne5
31.Be1 Nxg4 32.Bxa6 Qh5 33.Qf3 Qh2+ 34.Kf1 Qh5 35.Qe4 Qh3+ 36.Qg2 Qh5 37.Kg1 Nf6
38.Qf3 Qg6 39.Qd3 Qf7 40.a4 Nd7 41.a5 Ne5 42.Qe4 Qc7 43.Bb5 Be7 44.f4 gxf4
45.gxf4 Nf7 46.Qxe6 d5 47.Be8  1-0

[Event "FSIM May"]
[Site "Budapest HUN"]
[Date "2005.05.13"]
[Round "7"]
[White "Chetverik,M"]
[Black "Hasanova,E"]
[Result "0-1"]
[WhiteElo "2305"]
[BlackElo "2282"]

1.d4 Nf6 2.c4 g6 3.Nf3 Bg7 4.g3 O-O 5.Bg2 d6 6.O-O Bd7 7.Nc3 Nc6 8.e4 e5
9.d5 Ne7 10.Ne1 Ne8 11.Nd3 f5 12.f3 c5 13.Bd2 Kh8 14.a3 Rc8 15.Qe2 Ng8 16.Rab1 Bh6
17.f4 fxe4 18.Nxe4 exf4 19.Bc3+ Bg7 20.Bxg7+ Kxg7 21.Nxf4 Nh6 22.Ne6+ Bxe6
23.dxe6 Nc7 24.Bh3 Qe7 25.Nc3 Nf5 26.Bxf5 Rxf5 27.Rxf5 gxf5 28.Re1 Re8 29.Qf3 Nxe6
30.Qxf5 Qf7 31.Qg5+ Qg6 32.Qxg6+ Kxg6 33.Nb5 Nc7 34.Rxe8 Nxe8 35.Kf2 Kf5
36.Kf3 a6 37.Nc3 Nf6 38.h3 Ke5 39.g4 Kd4 40.g5 Nd7 41.Kf4 Ne5 42.h4 Ng6+
43.Kg4 Kxc4 44.h5 Ne7 45.Ne4 d5 46.Nd6+ Kb3 47.Nf5 Ng8 48.g6 hxg6 49.hxg6 d4
50.Kg5 d3 51.g7 d2 52.Ne3 Kxb2 53.Kg6 Kc1 54.Kh7 Ne7 55.Nf5 d1=Q  0-1

[Event "53rd ch-HUN w"]
[Site "Szeged HUN"]
[Date "2005.05.13"]
[Round "2"]
[White "Ignacz,M"]
[Black "Decsey,K"]
[Result "1-0"]
[WhiteElo "2195"]
[BlackElo "2151"]

1.d4 Nf6 2.c4 g6 3.Nf3 d6 4.g3 Bg7 5.Bg2 O-O 6.Nc3 Nbd7 7.O-O c6 8.e4 e5
9.h3 Qc7 10.Be3 Re8 11.Qc2 Nb6 12.b3 a6 13.Rad1 exd4 14.Nxd4 Be6 15.Nce2 Rad8
16.f4 Bc8 17.Nc3 Nbd7 18.Bf2 Nf8 19.Nf3 Ne6 20.Rfe1 Nd7 21.b4 Nb6 22.Ne2 c5
23.b5 Bd7 24.a4 Nd4 25.Nexd4 cxd4 26.Rc1 axb5 27.axb5 Rc8 28.Nxd4 Nxc4 29.Bf1 Bxd4
30.Bxd4 Bxb5 31.Qa2 Ba6 32.Qa1 Qd7 33.Bh8 f5 34.exf5 Rxe1 35.Rxe1 gxf5 36.Bg2 Nb6
37.Bd4 Nc4 38.Bd5+ Kf8 39.Be6 Qc7 40.Bg7+ Qxg7 41.Qxg7+ Kxg7 42.Bxc8 Kf6
43.g4 fxg4 44.hxg4 Nb6 45.g5+ Kg6 46.Bg4 Nd5 47.Re6+ Kf7 48.Rxd6 Nxf4 49.Rf6+ Kg7
50.Rxf4 Kg6 51.Bc8 Kxg5 52.Rb4 h5 53.Bxb7 Be2 54.Kf2 Bg4 55.Bf3 Bd7 56.Kg3 Be6
57.Rb5+ Kf6 58.Bxh5  1-0

[Event "ch-ARM w"]
[Site "Yerevan ARM"]
[Date "2005.05.14"]
[Round "2"]
[White "Gasparian,N"]
[Black "Avanesyan,A"]
[Result "1-0"]
[WhiteElo "2200"]
[BlackElo "2161"]

1.d4 Nf6 2.Nf3 g6 3.g3 Bg7 4.c4 d6 5.Bg2 O-O 6.O-O c5 7.Nc3 Nc6 8.d5 Na5
9.Nd2 a6 10.Qc2 Rb8 11.Rb1 b5 12.b3 e5 13.cxb5 axb5 14.b4 cxb4 15.Rxb4 Bd7
16.Ba3 Ne8 17.Rfb1 Nc7 18.R4b2 Rb6 19.e4 Bh6 20.Bf1 Qc8 21.Nb3 Nb7 22.Nc1 Ra6
23.Bb4 f5 24.a4 f4 25.Nxb5 fxg3 26.hxg3 Nxb5 27.axb5 Rb6 28.Ba3 Bg4 29.Nd3 Bf3
30.Qxc8 Rxc8 31.Bg2 Rc3 32.Rb3 Rxb3 33.Rxb3 Be2 34.Bf1 Na5 35.Rb4 Bxf1 36.Kxf1 Bd2
37.Ra4 Nb3 38.Ra6 Rxb5 39.Bxd6 Bc3 40.Ra8+ Kf7 41.Bxe5 Nd2+ 42.Kg2 Bxe5 43.Nxe5+ Kf6
44.Nd7+ Ke7 45.Ra7 Kd6 46.Nf6 Ke5 47.Ra6  1-0

[Event "62nd ch-GEO w"]
[Site "Tblisi GEO"]
[Date "2005.05.15"]
[Round "10"]
[White "Khurtsidze,N"]
[Black "Arakhamia,K"]
[Result "1-0"]
[WhiteElo "2418"]
[BlackElo "2452"]

1.d4 Nf6 2.c4 g6 3.Nf3 Bg7 4.g3 O-O 5.Bg2 d6 6.Nc3 Nc6 7.O-O a6 8.b3 Rb8
9.Nd5 Ne8 10.Bb2 e6 11.Nc3 b5 12.d5 Ne7 13.dxe6 fxe6 14.c5 d5 15.e4 Nf6 16.exd5 exd5
17.Nd4 Bg4 18.Qd3 Qd7 19.Rfe1 Rbe8 20.a4 c6 21.axb5 axb5 22.f3 Bf5 23.Qd2 h5
24.Na2 Kh7 25.Nb4 Bh6 26.Qc3 Bg7 27.Ra6 Nfg8 28.Qc1 Ra8 29.Rxa8 Rxa8 30.Qe3 Bf6
31.Bf1 Ra7 32.Bd3 Bxd3 33.Qxd3 h4 34.Re6 h3 35.Rd6 Qe8 36.Qf1 Qc8 37.g4 Be5
38.Qxh3+ Nh6 39.Nf5 Nxf5 40.gxf5 Qxf5 41.Qxf5 Nxf5 42.Bxe5 Nxd6 43.cxd6 Kg8
44.Nxc6 Rd7 45.Nb8 Rd8 46.d7 d4 47.Bc7 d3 48.Kf2  1-0

[Event "ch-ARM w"]
[Site "Yerevan ARM"]
[Date "2005.05.16"]
[Round "4"]
[White "Danielian,E"]
[Black "Avanesyan,A"]
[Result "1-0"]
[WhiteElo "2415"]
[BlackElo "2161"]

1.d4 Nf6 2.Nf3 g6 3.c4 Bg7 4.g3 d6 5.Bg2 O-O 6.O-O c5 7.dxc5 dxc5 8.Ne5 Qb6
9.Nc3 Rd8 10.Qb3 e6 11.Be3 Ne8 12.Nd3 Na6 13.Na4 Qxb3 14.axb3 Bd4 15.Naxc5 Nxc5
16.Nxc5 Bxe3 17.fxe3 Rd2 18.Rad1 Rd6 19.Rxd6 Nxd6 20.Rd1 Nf5 21.Rd8+ Kg7
22.Kf2 Kf6 23.g4 Ke7 24.Rh8 Nd6 25.Rxh7 Rb8 26.Ne4 Nxe4+ 27.Bxe4 Kf6 28.h4 a5
29.g5+ Ke5 30.Bf3 f6 31.gxf6 Kxf6 32.c5 e5 33.Rh8  1-0

[Event "Chigorin CC"]
[Site "St Petersburg RUS"]
[Date "2005.05.17"]
[Round "2"]
[White "Novikov,MiV"]
[Black "Frolochkin,V"]
[Result "1-0"]
[WhiteElo "2370"]
[BlackElo "2208"]

1.d4 Nf6 2.Nf3 g6 3.c4 Bg7 4.g3 O-O 5.Bg2 d6 6.O-O Nc6 7.d5 Na5 8.Nbd2 c5
9.Ne1 a6 10.Rb1 b5 11.b3 Rb8 12.Qc2 bxc4 13.bxc4 Rxb1 14.Qxb1 e6 15.Bb2 exd5
16.cxd5 Bd7 17.Nd3 Bb5 18.Qc2 Re8 19.Re1 Qb6 20.Bc3 Nc4 21.Bxf6 Na3 22.Qb2 Bxf6
23.Qxa3 Bd4 24.e3 f5 25.exd4  1-0

[Event "Open"]
[Site "Znojmo CZE"]
[Date "2005.05.17"]
[Round "4"]
[White "Mlynek,P"]
[Black "Simecek,B"]
[Result "0-1"]
[WhiteElo "2216"]
[BlackElo "2109"]

1.d4 Nf6 2.c4 g6 3.Nf3 Bg7 4.g3 O-O 5.Bg2 d6 6.O-O Nbd7 7.Nc3 e5 8.e4 c6
9.h3 Qb6 10.Re1 Re8 11.d5 Nc5 12.Qc2 Bd7 13.Be3 cxd5 14.cxd5 Rec8 15.Rac1 Qd8
16.Qb1 a5 17.Bf1 Ne8 18.Nd2 f5 19.f4 exf4 20.Bxf4 Nxe4 21.Ndxe4 fxe4 22.Nxe4 Qb6+
23.Kh1 Bf5 24.g4 Bd7 25.b3 Rxc1 26.Rxc1 Rc8 27.Rxc8 Bxc8 28.Qd3 Bd7 29.Kg2 Qb4
30.Qc4 Qa3 31.Qc2 Qb4 32.a4 Nf6 33.Nxf6+ Bxf6 34.Kf3 Qb6 35.Qc4 Kf7 36.Bd3 Ke7
37.g5 Be5 38.Be3 Qd8 39.h4 Qf8+ 40.Kg2 Bh3+ 41.Kg1 Qf3 42.Qc7+ Bd7 43.Qc1 Bh3
44.Qc7+ Bd7 45.Qc1 Qg3+ 46.Kf1 Bh3+ 47.Ke2 Qg2+ 48.Bf2 Bg4+ 49.Ke1 Qh1+ 50.Bf1 Qe4+
51.Be3 Bd4 52.Qc7+ Bd7 53.Bb5 Qxe3+ 54.Kd1 Qxb3+ 55.Ke2 Qe3+ 56.Kd1 Qf3+
57.Kc2 Qe4+ 58.Kb3 Qb1+  0-1

[Event "ch-UKR sf"]
[Site "Alushta UKR"]
[Date "2005.05.20"]
[Round "5"]
[White "Nester,I"]
[Black "Kononenko,Dmitry1"]
[Result "1-0"]
[WhiteElo "2304"]
[BlackElo "2437"]

1.Nf3 g6 2.c4 Bg7 3.d4 d6 4.g3 Nf6 5.Bg2 O-O 6.Nc3 c6 7.O-O Qa5 8.h3 e5 9.e4 exd4
10.Nxd4 Qc5 11.Nb3 Qb4 12.Be3 Be6 13.c5 Bxb3 14.axb3 dxc5 15.Ra4 Qb6 16.b4 Na6
17.bxc5 Qxb2 18.Bd4 Ne8 19.e5 Rd8 20.Ne4 Qb5 21.f4 f6 22.exf6 Bxf6 23.Nxf6+ Nxf6
24.Qa1 Rxd4 25.Qxd4 Qxc5 26.Qxc5 Nxc5 27.Rxa7 Rd8 28.Rc1 Nce4 29.Bxe4 Nxe4
30.Rxb7 Nxg3 31.Rxc6 Ne2+ 32.Kh2 Nxf4 33.Rcc7 h5 34.Rg7+ Kh8 35.Kg3 Ne6 36.Rxg6 Rd3+
37.Kf2 Nf4 38.Rf6 Nxh3+ 39.Kg2 Kg8 40.Rf5 h4 41.Kh2 Rg3 42.Ra5  1-0

[Event "TCh-ROM A"]
[Site "Tusnad ROM"]
[Date "2005.05.24"]
[Round "4"]
[White "Barnaure,V"]
[Black "Pessi,E"]
[Result "1-0"]
[WhiteElo "2439"]
[BlackElo "2265"]

1.Nf3 Nf6 2.c4 g6 3.d4 Bg7 4.g3 O-O 5.Bg2 d6 6.O-O Nbd7 7.Nc3 Re8 8.e4 e5
9.h3 c6 10.b3 exd4 11.Nxd4 Nc5 12.Re1 Qb6 13.Be3 a5 14.Rb1 Qb4 15.Ncb5 cxb5
16.Nxb5 Nfxe4 17.Bd2 Bg4 18.Bxb4 Bxd1 19.Bxc5 Bc2 20.Rbc1 Nxc5 21.Rxe8+ Rxe8
22.Rxc2 Re1+ 23.Kh2 Rb1 24.Nxd6 a4 25.bxa4 Be5 26.Nb5 h5 27.Re2 Bf6 28.a5 Rb4
29.Bd5 h4 30.Nd6 Kg7 31.Ne8+  1-0

[Event "Summer"]
[Site "Alushta UKR"]
[Date "2005.05.27"]
[Round "3"]
[White "Skatchkov,P"]
[Black "Lahiri,A"]
[Result "1-0"]
[WhiteElo "2468"]
[BlackElo "2355"]

1.d4 Nf6 2.Nf3 g6 3.c4 Bg7 4.g3 O-O 5.Bg2 d6 6.O-O Nbd7 7.Nc3 e5 8.e4 a6
9.h3 b5 10.cxb5 axb5 11.b4 c5 12.bxc5 Bb7 13.dxe5 Nxe4 14.Nxe4 Bxe4 15.Qe2 Nxc5
16.Rd1 Qa5 17.Be3 Ra6 18.Rac1 Qxa2 19.Qxa2 Rxa2 20.exd6 Ne6 21.d7 Bf6 22.Bc5 Nxc5
23.Rxc5 b4 24.Nd4 Bxg2 25.Kxg2 Bxd4 26.Rxd4 Raa8 27.Rb5 Rfd8 28.Rb7 Kf8 29.Re4 f5
30.Re3 Kf7 31.h4 Ra6 32.Re8 Rxe8 33.d8=Q+  1-0

[Event "TCh-ROM A"]
[Site "Tusnad ROM"]
[Date "2005.05.29"]
[Round "9"]
[White "Barnaure,V"]
[Black "Szabo,G ROM"]
[Result "1/2-1/2"]
[WhiteElo "2439"]
[BlackElo "2434"]

1.d4 Nf6 2.Nf3 g6 3.c4 Bg7 4.g3 O-O 5.Bg2 d6 6.O-O Nc6 7.Nc3 a6 8.h3 Rb8
9.e4 e5 10.d5 Ne7 11.c5 Ne8 12.b4 h6 13.Nd2 f5 14.Nc4 Kh7 15.Rb1 Nf6 16.exf5 Nxf5
17.cxd6 cxd6 18.b5 Bd7 19.b6 Rc8 20.Qd3 Nd4 21.g4 h5 22.f3 Bb5 23.Rb4 Bxc4
24.Rxc4 Qxb6 25.Be3 Qa5 26.Rxc8 Rxc8 27.Ne4 Nxe4 28.Qxe4 Rc4 29.Kh2 Nc2 30.Qxc4 Nxe3
31.Qe4 Nxf1+ 32.Bxf1 Qxa2+ 33.Kg1 Qb2 34.gxh5 Qd4+ 35.Qxd4 exd4 36.Bd3 Kh6
37.hxg6 Kg5 38.Kf2 a5 39.Bb5 Kxg6 40.f4 Kf5 41.Kf3 Bh6 42.Bd7+ Kf6 43.Ke4 d3
44.Kxd3 Bxf4 45.Kc4  1/2-1/2

[Event "14th CRO-Cup"]
[Site "Sibenik CRO"]
[Date "2005.05.30"]
[Round "1"]
[White "Petrov,J"]
[Black "Nakic,Z"]
[Result "1-0"]
[WhiteElo "2435"]
[BlackElo "2185"]

1.Nf3 Nf6 2.c4 g6 3.g3 Bg7 4.Bg2 d6 5.d4 O-O 6.O-O c6 7.Nc3 Qc7 8.e4 e5 9.h3 Nbd7
10.Be3 Re8 11.Qc2 a5 12.b3 b6 13.Rfd1 Bb7 14.Rac1 exd4 15.Nxd4 Nc5 16.Rd2 Rab8
17.a3 Ne6 18.Rcd1 Bf8 19.b4 axb4 20.axb4 Nd7 21.Nde2 Ne5 22.Qb3 f6 23.f4 Nf7
24.Bf2 Ba8 25.f5 Ng7 26.g4 Kh8 27.Nd4 Ne5 28.Nf3 Nf7 29.b5 c5 30.Nd5 Bxd5
31.Rxd5 g5 32.h4 h6 33.hxg5 hxg5 34.e5 fxe5 35.Nd2 Rb7 36.Qh3+ Kg8 37.Rd3 Ra8
38.Bd5 Ne8 39.Ne4 Be7 40.Qh5 Bd8 41.Qg6+ Kf8 42.Rh3  1-0

[Event "14th CRO-Cup"]
[Site "Sibenik CRO"]
[Date "2005.06.03"]
[Round "7"]
[White "Biliskov,V"]
[Black "Saric,Ib"]
[Result "1/2-1/2"]
[WhiteElo "2356"]
[BlackElo "2456"]

1.Nf3 Nf6 2.c4 g6 3.d4 Bg7 4.g3 O-O 5.Bg2 d6 6.O-O Nc6 7.Nc3 Bf5 8.b3 Ne4
9.Bb2 Nxc3 10.Bxc3 Be4 11.Rc1 e5 12.d5 Nb8 13.Nd2 Bxg2 14.Kxg2 f5 15.e4 Nd7
16.Qe2 Bh6 17.f3 Qe7 18.b4 b6 19.Rce1 Bxd2 20.Bxd2 f4 21.g4 h5 22.h3 Kg7
23.Rc1 Rh8 24.Be1 hxg4 25.hxg4 Qg5 26.Bf2 Rh6 27.Rh1 Rah8 28.Rcg1 Qd8 29.Rxh6 Rxh6
30.Rh1 Rxh1 31.Kxh1 Qc8 32.Qd3 Qa6 33.Qb3 Nf8 34.Kg2 Qc8 35.Qd1 Qa6 36.Qb3 Qc8
37.Qd1 Qa6 38.Qb3 Qc8  1/2-1/2

[Event "TCh-BIH Prem"]
[Site "Neum BIH"]
[Date "2005.06.06"]
[Round "3"]
[White "Karahmetovic,A"]
[Black "Dujkovic,S"]
[Result "1/2-1/2"]
[WhiteElo "2254"]
[BlackElo "2387"]

1.d4 Nf6 2.Nf3 g6 3.g3 Bg7 4.Bg2 O-O 5.c4 d6 6.Nc3 Nc6 7.O-O a6 8.h3 Bd7
9.e4 e5 10.Be3 exd4 11.Nxd4 Re8 12.Re1 Qc8 13.Kh2 Ne5 14.b3 c5 15.Nde2 Bc6
16.Qxd6 Rd8 17.Qxc5 Nd3 18.Qa5 Nxe1 19.Rxe1 Re8 20.Nd5 Nxe4 21.Nc7 Re5 22.Qb6 Rb8
23.Bf4 Nxf2  1/2-1/2

[Event "TCh-ARG Magistral AFA"]
[Site "Buenos Aires ARG"]
[Date "2005.06.09"]
[Round "6"]
[White "Fraschini,M"]
[Black "Perdomo,L"]
[Result "1/2-1/2"]
[WhiteElo "2370"]
[BlackElo "2332"]

1.Nf3 g6 2.g3 Bg7 3.d4 Nf6 4.Bg2 O-O 5.c4 d6 6.Nc3 Nbd7 7.O-O e5 8.h3 Re8
9.e4 exd4 10.Nxd4 a6 11.Re1 Rb8 12.Rb1 Ne5 13.b3 c5 14.Nde2 b5 15.f4 Ned7
16.Qxd6 b4 17.Nd5 Nxe4 18.Bxe4 Rxe4 19.Bb2 Re6 20.Qc7 Qxc7 21.Nxc7 Re4 22.Bxg7 Kxg7
23.Rbd1 Rb7 24.Nd5 Nb6 25.g4 Nxd5 26.cxd5 Rd7 27.Ng3 Rxe1+ 28.Rxe1 Rxd5 29.Ne4 f5
30.Ng5 h6 31.Re7+ Kf8 32.Rc7 hxg5 33.Rxc8+ Kg7 34.gxf5 Rxf5 35.fxg5 Rxg5+
36.Kf2 Rd5 37.Ke3 Rh5 38.Kf4 Rxh3 39.Rxc5 Rh4+ 40.Kf3 Rh5 41.Rc4 a5 42.Rc7+ Kh6
43.Ra7 Rg5 44.Kf4 Rd5 45.Kg4 Rf5 46.Kh4 g5+ 47.Kg4 Rf4+ 48.Kg3 Rf5 49.Kg4 Rf4+
50.Kg3 Rf5  1/2-1/2

[Event "TCh-BIH Prem"]
[Site "Neum BIH"]
[Date "2005.06.12"]
[Round "9"]
[White "Jankovic,A"]
[Black "Vukic,M"]
[Result "1/2-1/2"]
[WhiteElo "2480"]
[BlackElo "2468"]

1.d4 Nf6 2.c4 d6 3.Nf3 g6 4.g3 Bg7 5.Bg2 O-O 6.Nc3 c6 7.O-O Qa5 8.e4 Bg4
9.h3 Bxf3 10.Bxf3 e5 11.Be3 Nbd7 12.Rb1 a6 13.b4 Qc7 14.d5 cxd5 15.Nxd5 Nxd5
16.Qxd5 Rfd8 17.Rfc1 b6 18.Rd1 Nf6 19.Qd3 Bf8 20.Bg2 Rdb8 21.Bd2 Rc8 22.Rbc1 a5
23.bxa5 bxa5 24.h4 Qc6 25.Bh3 Rc7 26.f3 a4 27.Kh2 Rb8 28.Rc2 Rcb7 29.Bc1 Rb1
30.Ba3 Rxd1 31.Qxd1 Kg7 32.Rc1 Rb6 33.Qd2 Rb7 34.Qa5 Be7 35.Bf1 Rb8 36.Kg2 Nd7
37.Qd5 Qc7 38.Qd1 Qa7 39.Rb1 Rxb1 40.Qxb1 Nf8 41.Qd3 Qa6 42.c5 Qxd3 43.Bxd3 dxc5
44.Bb5 Kf6 45.Kf2 c4 46.Bc1 Ne6 47.Bxc4 Bc5+ 48.Kg2 a3 49.f4 exf4 50.gxf4 h5  1/2-1/2

[Event "PanAmY U18B"]
[Site "Balneario Camboriu BRA"]
[Date "2005.06.13"]
[Round "4"]
[White "Choma,E"]
[Black "Arruda,W"]
[Result "1-0"]
[WhiteElo "2281"]
[BlackElo "2129"]

1.Nf3 Nf6 2.c4 g6 3.d4 Bg7 4.g3 d6 5.Bg2 O-O 6.O-O Nbd7 7.Nc3 e5 8.e4 c6
9.h3 Re8 10.Re1 exd4 11.Nxd4 Nc5 12.Qc2 a5 13.Be3 a4 14.Rad1 Qe7 15.f4 Nfxe4
16.Nxe4 Nxe4 17.Bxe4 Qxe4 18.Bf2 Qxe1+ 19.Rxe1 Rxe1+ 20.Bxe1 Bxd4+ 21.Kh2 Bf5
22.Qd2 Bg7 23.g4 Be6 24.Qb4 b5 25.cxb5 cxb5 26.Bc3 Bxc3 27.Qxc3 Rc8 28.Qd3 Bxa2
29.Qxd6 Bc4 30.f5 Rf8 31.Qf6 Re8 32.Kg3 Kf8 33.Kf4 gxf5 34.gxf5 Re2 35.Kg5 Re8
36.Qd6+ Kg8 37.Qg3 Kf8 38.Kf6 Re2 39.Qg7+  1-0

[Event "PanAmY U16B"]
[Site "Balneario Camboriu BRA"]
[Date "2005.06.13"]
[Round "4"]
[White "Lemos,D"]
[Black "Pacheco,G"]
[Result "1/2-1/2"]
[WhiteElo "2235"]
[BlackElo "2168"]

1.d4 Nf6 2.Nf3 g6 3.c4 Bg7 4.g3 O-O 5.Bg2 d6 6.O-O Nc6 7.d5 Na5 8.Qa4 c5
9.Bd2 b6 10.Bc3 Bd7 11.Qc2 Bf5 12.Qc1 Rb8 13.Nbd2 b5 14.b3 Bh6 15.Qe1 bxc4
16.bxc4 Bg4 17.e3 Bg7 18.Qc1 Nd7 19.Bxg7 Kxg7 20.e4 Kg8 21.Qc3 e5 22.dxe6 Bxe6
23.Rfd1 Qc7 24.Ng5 Ne5 25.f4 Nec6 26.Kh1 Nd4 27.Rf1 Nac6  1/2-1/2

[Event "Open"]
[Site "Mielo POL"]
[Date "2005.06.13"]
[Round "4"]
[White "Sokolowski,Ry"]
[Black "Tokarski,L"]
[Result "1-0"]
[WhiteElo "2205"]
[BlackElo "2067"]

1.Nf3 Nf6 2.d4 g6 3.g3 Bg7 4.Bg2 d6 5.c4 O-O 6.Nc3 Nc6 7.O-O e5 8.d5 Ne7
9.e4 Nd7 10.Ne1 f5 11.Nd3 Nf6 12.Bg5 h6 13.Bxf6 Bxf6 14.f4 exf4 15.Nxf4 fxe4
16.Bxe4 Kg7 17.Qd3 Be5 18.Nxg6 Nxg6 19.Bxg6 Rf6 20.Be4 Bh3 21.Bg2 Bxg2 22.Kxg2 Qe7
23.Rxf6 Qxf6 24.Rf1 Qe7 25.Qf3 Rg8 26.Ne2 Qe8 27.Nf4 Kh8 28.Ne6 Qa4 29.Qe3 Qc2+
30.Rf2 Qh7 31.Nf8 Qg7 32.Rf7 Rxf8 33.Rxg7 Kxg7 34.Qxa7 Rf7 35.Qxb7 Bd4 36.Kh3 Bb6
37.b4 Re7 38.a4  1-0

[Event "PanAmY U16B"]
[Site "Balneario Camboriu BRA"]
[Date "2005.06.15"]
[Round "6"]
[White "Lemos,D"]
[Black "Bachmann,Ax"]
[Result "1/2-1/2"]
[WhiteElo "2235"]
[BlackElo "2410"]

1.d4 g6 2.c4 Bg7 3.Nf3 Nf6 4.g3 d6 5.Bg2 O-O 6.O-O Nbd7 7.Nc3 e5 8.h3 exd4
9.Nxd4 Nb6 10.b3 d5 11.c5 Nbd7 12.c6 Ne5 13.Ba3 Re8 14.cxb7 Bxb7 15.Rc1 Rc8
16.Na4 Ne4 17.Nc5 Nxc5 18.Bxc5 Nd7 19.Ba3 c6 20.Qd2 Qb6 21.e3 Qa6 22.Bc5 Nxc5
23.Rxc5 Bf8 24.Rc2 c5 25.Ne2 Rcd8 26.Rd1 Rd7 27.Qd3 Qa5  1/2-1/2

[Event "St Petersburg vs Moscow"]
[Site "St Petersburg RUS"]
[Date "2005.06.15"]
[Round "2"]
[White "Grachev,B"]
[Black "Nikolaev,Niki"]
[Result "1/2-1/2"]
[WhiteElo "2508"]
[BlackElo "2356"]

1.d4 Nf6 2.c4 g6 3.Nf3 Bg7 4.g3 O-O 5.Bg2 d6 6.Nc3 Nc6 7.O-O a6 8.b3 Rb8
9.Nd5 e6 10.Nxf6+ Bxf6 11.e4 Bg7 12.Be3 e5 13.d5 Ne7 14.Qd2 f5 15.c5 fxe4
16.Ng5 Nf5 17.cxd6 cxd6 18.Nxe4 Nxe3 19.Qxe3 Bf5 20.Rac1 Qd7 21.Nd2 Rfc8
22.Nc4 Qd8 23.Qd2 Rc7 24.a4 Qf8 25.Qb4 Rbc8 26.Rcd1 Rd8 27.Qb6 Rf7 28.h3 Bh6
29.Ne3 Rc8 30.Rc1 Bd3 31.Rxc8 Qxc8 32.Rd1 e4 33.Nc4 Bxc4 34.bxc4 Qxc4 35.Qxd6 Qe2
36.Rf1 e3 37.Qe6 exf2+ 38.Kh2 Qe3 39.Be4 Bf8 40.Bxg6 Qxe6 41.dxe6 Rf6 42.Bd3 Kg7
43.Bc4 Bc5 44.Rb1 b6 45.Kg2 Rf5 46.Rd1 Kf6 47.Bxa6 f1=Q+ 48.Bxf1 Rf2+ 49.Kh1 Kxe6
50.Bg2 Kf6 51.h4 Ra2 52.Rf1+ Rf2 53.Re1 Ra2 54.Rf1+ Rf2 55.Rd1 Ra2 56.Rd7 Rxa4
57.Rxh7 Ra3 58.Kh2 Bd6 59.Rh6+ Ke7 60.Rg6 Rxg3  1/2-1/2

[Event "Marx Gyorgy Open"]
[Site "Paks HUN"]
[Date "2005.06.19"]
[Round "6"]
[White "Nagy,Danie"]
[Black "Sikula,V"]
[Result "0-1"]
[WhiteElo "2189"]
[BlackElo "2457"]

1.d4 g6 2.c4 Bg7 3.Nf3 d6 4.g3 Nf6 5.Bg2 O-O 6.O-O Nc6 7.d5 Na5 8.Nfd2 c5
9.Nc3 e5 10.Rb1 b6 11.Qc2 Ng4 12.h3 Nh6 13.e4 f5 14.Ne2 f4 15.g4 Nf7 16.Nf3 Bd7
17.Bd2 Nb7 18.a3 h5 19.gxh5 gxh5 20.Kh2 Kh8 21.b4 Rg8 22.Rg1 Qe7 23.Bh1 Nh6
24.Rg5 Bf6 25.Rxh5 Qh7 26.Nxf4 Be8 27.Rxh6 Qxh6 28.Ne6 Qh5 29.Bg5 Bxg5 30.Nfxg5 Rxg5
31.Nxg5 Qxg5 32.Rg1 Qf4+ 33.Rg3 Bh5 34.Kg1 cxb4 35.axb4 a5 36.Qa4 Rf8  0-1

[Event "Friendship IM"]
[Site "Cartak CZE"]
[Date "2005.06.21"]
[Round "5"]
[White "Volodin,V"]
[Black "Pachta,P"]
[Result "1-0"]
[WhiteElo "2245"]
[BlackElo "2159"]

1.Nf3 Nf6 2.c4 g6 3.d4 Bg7 4.g3 O-O 5.Bg2 d6 6.O-O Nc6 7.Nc3 Bf5 8.b3 Ne4
9.Bb2 a6 10.e3 Rb8 11.Ne1 Nxc3 12.Bxc3 e5 13.d5 Ne7 14.e4 Bd7 15.f4 b5 16.Nd3 f6
17.c5 Nc8 18.Ba5 Be8 19.Rc1 Qe7 20.cxd6 cxd6 21.Rc7 Bd7 22.fxe5 dxe5 23.Nc5 Rd8
24.Bh3 f5 25.exf5 Qd6 26.f6 Bxh3 27.Rxg7+ Kh8 28.Ne4 Qxd5 29.Qxd5 Rxd5 30.Ng5  1-0